| 000 | 00791cab a2200229 4500 | ||
|---|---|---|---|
| 001 | WB3444-12 | ||
| 008 | 090401t1998 xxu||||| |||| 00| 0 eng d | ||
| 035 | _a(Sirsi) u89812 | ||
| 041 | _aeng | ||
| 245 | _aAppraisal of environmental impact | ||
| 260 | _c1998 | ||
| 350 | _a0 | ||
| 490 |
_aDETR News Release _v(956) 11 November 1998 (2) |
||
| 520 | _aThe DETR commissioned report "Review of Technical Guidance on Environmental Appraisal" has identified gaps in the guidance available to policy makers on when and how to carry out environmental assessments. | ||
| 650 | _aENVIRONMENTAL APPRAISAL | ||
| 650 | _aENVIRONMENTAL ASSESSMENTS | ||
| 650 | _aREPORTS | ||
| 650 | _aTECHNICAL GUIDANCE | ||
| 690 | _aENVIRONMENTAL AND LAND CONSULTANCY | ||
| 942 | _n0 | ||
| 948 | _c19/11/1998 | ||
| 999 |
_c56852 _d56852 |
||